00640nam a2200229 a 4500001001300000003000900013005001700022008004100039020000800080082001600088100001800104245002700122260003400149300000900183500003500192505001000227650003100237902000800268942000700276952011200283999001500395nice12345678IN_TiNIC20260116012025.0050524s1962 dela grp 000 0 urd  ac100a895.13bPOO aPoo, Naanking aAur Yaangsi Bahta Raha aDelhibNational Academyc1962 a208p aincludes index and biblioraphy2 aNotes aChinese-Literature-fiction bSRS cBK 001040708StackRoom-aHMIbHMId2007-06-04g1.00l0o895.13 POOp09611r2007-06-04v1.00w2005-05-24yBK c5323d5323